[Event "BCF-ch U14"]
[Site "Bournemouth"]
[Date "2016.07.28"]
[Round "5"]
[White "Samadov, Samir"]
[Black "Stoyanov, Viktor"]
[Result "0-1"]
[WhiteElo "1826"]
[BlackElo "1652"]
[PlyCount "82"]
[EventDate "2016.07.24"]
[EventType "swiss"]
[EventRounds "7"]
[EventCountry "ENG"]
[SourceTitle "EXT 2017"]
[Source "ChessBase"]
[SourceDate "2016.10.25"]
[SourceVersion "1"]
[SourceVersionDate "2016.10.25"]
[SourceQuality "1"]

1. e4 c5 2. Nc3 g6 3. f4 Bg7 4. Nf3 Nc6 5. Be2 d6 6. d3 e6 7. 0-0 Nge7 8. Be3 Nd4 9. e5 dxe5 10. Nxe5 0-0 11. Bf3 Rb8 12. Ne4 b6 13. c3 Nxf3+ 14. Rxf3 Bb7 15. Rh3 Nd5 16. Qe2 Nxe3 17. Qxe3 Bxe4 18. Qxe4 Bxe5 19. fxe5 Qg5 20. Re1 Rbd8 21. Ree3 Rd5 22. Rhf3 Rfd8 23. Rf6 R8d7 24. g3 Kg7 25. Rf2 h5 26. Rf4 Rd8 27. h4 Qh6 28. Ref3 R8d7 29. Qe3 Qh8 30. Qf2 Qe8 31. d4 Kg8 32. g4 hxg4 33. Rxg4 cxd4 34. cxd4 Qd8 35. h5 Rxd4 36. Rxd4 Rxd4 37. Rxf7 Qg5+ 38. Kf1 Rd1+ 39. Ke2 Qd2+ 40. Kf3 Qxf2+ 41. Kxf2 Kxf7 0-1

[Event "BCF-chT3S 1314 (4NCL)"]
[Site "England"]
[Date "2014.02.16"]
[Round "6.168"]
[White "Samadov, Samir"]
[Black "Mallon, Gunnar"]
[Result "0-1"]
[WhiteElo "1631"]
[BlackElo "1705"]
[PlyCount "60"]
[EventDate "2013.11.16"]
[EventType "team-swiss"]
[EventRounds "6"]
[EventCountry "ENG"]
[SourceTitle "EXT 2015"]
[Source "ChessBase"]
[SourceDate "2014.11.20"]
[SourceVersion "1"]
[SourceVersionDate "2014.11.20"]
[SourceQuality "1"]
[WhiteTeam "Sandhurst Scorpions"]
[BlackTeam "BCM Hippos III"]
[WhiteTeamCountry "ENG"]
[BlackTeamCountry "ENG"]

1. e4 c5 2. c3 e6 3. d4 d5 4. e5 Nc6 5. Be3 Qb6 6. Qb3 c4 7. Qc2 f6 8. Be2 fxe5 9. dxe5 Qc7 10. f4 Nh6 11. g4 Be7 12. g5 Nf5 13. Bf2 b5 14. Bg4 d4 15. Bxf5 exf5 16. cxd4 Nxd4 17. Bxd4 Qc6 18. Nf3 Qxf3 19. Rf1 Qd5 20. Be3 b4 21. Rf2 0-0 22. Qe2 Bb7 23. a3 a5 24. Qf1 Ba6 25. Rd2 Qe4 26. Kf2 c3 27. Rd4 Qc2+ 28. Rd2 cxd2 29. Qh1 d1Q+ 30. Kg3 Qg4# 0-1

[Event "Hampstead op U2200 12"]
[Site "Hampstead"]
[Date "2013.12.21"]
[Round "1"]
[White "Samadov, Samir"]
[Black "Barasi, Paul Dl"]
[Result "0-1"]
[WhiteElo "1599"]
[BlackElo "1914"]
[PlyCount "106"]
[EventDate "2013.12.21"]
[EventType "swiss"]
[EventRounds "5"]
[EventCountry "ENG"]
[SourceTitle "EXT 2015"]
[Source "ChessBase"]
[SourceDate "2014.11.20"]
[SourceVersion "1"]
[SourceVersionDate "2014.11.20"]
[SourceQuality "1"]

1. e4 c5 2. c3 Nf6 3. Qc2 Nc6 4. Nf3 g6 5. Bc4 Bg7 6. 0-0 0-0 7. Re1 d6 8. h3 Ne5 9. Nxe5 dxe5 10. d3 Qd6 11. Be3 Bd7 12. a3 b5 13. Ba2 Bc6 14. f3 Rfd8 15. Qf2 Nd7 16. Rd1 Rac8 17. Nd2 Ba8 18. Nb3 Qc7 19. d4 c4 20. Nc1 a6 21. Ne2 Qc6 22. d5 Qd6 23. Ng3 Nc5 24. Bxc5 Rxc5 25. Qe2 Bb7 26. Rab1 Rdc8 27. Nf1 a5 28. b4 cxb3 29. Rxb3 Ba6 30. Rdb1 a4 31. Rb4 Rxc3 32. R1b2 Qc5+ 33. Kh2 Rxa3 34. Ne3 Qxe3 35. Qxe3 Rxe3 36. Rd2 Bf8 37. Rbb2 Rec3 38. Rf2 h5 39. Bb1 h4 40. f4 Bh6 41. fxe5 Bg7 42. e6 fxe6 43. dxe6 Be5+ 44. Kg1 Rc1+ 45. Rf1 Bd4+ 46. Rbf2 Rxf1+ 47. Kxf1 Rc1+ 48. Ke2 Bxf2 49. Kd2 Rxb1 50. Kc2 Rb3 51. Kc1 a3 52. Kc2 Rb2+ 53. Kc3 b4# 0-1

[Event "Hampstead op U2200 11-B"]
[Site "Hampstead"]
[Date "2013.11.30"]
[Round "2"]
[White "Samadov, Samir"]
[Black "Sloan, Cecil"]
[Result "1-0"]
[WhiteElo "1594"]
[BlackElo "1683"]
[PlyCount "75"]
[EventDate "2013.11.30"]
[EventType "swiss"]
[EventRounds "5"]
[EventCountry "ENG"]
[SourceTitle "EXT 2015"]
[Source "ChessBase"]
[SourceDate "2014.11.20"]
[SourceVersion "1"]
[SourceVersionDate "2014.11.20"]
[SourceQuality "1"]

1. e4 c5 2. c3 g6 3. d4 cxd4 4. cxd4 d5 5. exd5 Nf6 6. Bf4 Bg7 7. Bb5+ Nbd7 8. Nc3 0-0 9. Nf3 Nb6 10. 0-0 Nbxd5 11. Bg3 Nxc3 12. bxc3 Ne4 13. c4 Nxg3 14. fxg3 Bg4 15. Kh1 Bxd4 16. Qxd4 Bxf3 17. Qxd8 Bxg2+ 18. Kxg2 Rfxd8 19. Rad1 Kf8 20. c5 e5 21. Rde1 Rd2+ 22. Kh1 a6 23. Bc4 f5 24. Rxe5 Rad8 25. Re2 Rxe2 26. Bxe2 Rd2 27. Bf3 Rxa2 28. Bxb7 a5 29. c6 Rc2 30. Ra1 Rc5 31. Kg2 Ke7 32. Kf3 Kf6 33. Ke3 Ke5 34. Kd3 Kd6 35. Ra4 Rd5+ 36. Ke3 g5 37. c7 Re5+ 38. Kd4 1-0

[Event "Hampstead op U2200 11-A"]
[Site "Hampstead"]
[Date "2013.11.23"]
[Round "1"]
[White "Samadov, Samir"]
[Black "Xu, David"]
[Result "1/2-1/2"]
[WhiteElo "1594"]
[BlackElo "1834"]
[PlyCount "53"]
[EventDate "2013.11.23"]
[EventType "swiss"]
[EventRounds "5"]
[EventCountry "ENG"]
[SourceTitle "EXT 2015"]
[Source "ChessBase"]
[SourceDate "2014.11.20"]
[SourceVersion "1"]
[SourceVersionDate "2014.11.20"]
[SourceQuality "1"]

1. e4 c5 2. c3 Nc6 3. d4 cxd4 4. cxd4 d6 5. Nf3 Nf6 6. Nc3 d5 7. exd5 Nxd5 8. Nxd5 Qxd5 9. Be3 Bg4 10. Be2 g6 11. h3 Bf5 12. 0-0 Bg7 13. Qb3 Qxb3 14. axb3 Rd8 15. Bb5 0-0 16. Bxc6 bxc6 17. Rxa7 e6 18. Rc1 Be4 19. Ne5 Bxe5 20. dxe5 Rd3 21. Ra3 Rb8 22. Rc3 Rd1+ 23. Kh2 Rb1 24. Ra2 h5 25. Bg5 Bd5 26. h4 Rf1 27. f3 1/2-1/2

[Event "BCF-chT3S 1314 (4NCL)"]
[Site "England"]
[Date "2013.11.17"]
[Round "2.189"]
[White "Biswas, Karl"]
[Black "Samadov, Samir"]
[Result "1/2-1/2"]
[WhiteElo "1748"]
[BlackElo "1594"]
[PlyCount "34"]
[EventDate "2013.11.16"]
[EventType "team-swiss"]
[EventRounds "6"]
[EventCountry "ENG"]
[SourceTitle "CBM 157 Extra"]
[Source "ChessBase"]
[SourceDate "2013.12.19"]
[SourceVersion "1"]
[SourceVersionDate "2013.12.19"]
[SourceQuality "1"]
[WhiteTeam "Oxford III"]
[BlackTeam "Sandhurst Scorpions"]
[WhiteTeamCountry "ENG"]
[BlackTeamCountry "ENG"]

1. e4 e6 2. d4 d5 3. Nd2 c5 4. exd5 exd5 5. c3 Nc6 6. dxc5 Bxc5 7. Nb3 Bb6 8. Nf3 Nge7 9. Bd3 Bg4 10. 0-0 f6 11. Re1 Bh5 12. Qe2 Ne5 13. Bb5+ Kf8 14. Nbd4 Bxd4 15. cxd4 Nxf3+ 16. gxf3 a6 17. Bd2 a5 1/2-1/2

[Event "Hampstead op U2200 09"]
[Site "Hampstead"]
[Date "2013.09.29"]
[Round "5"]
[White "David, Barry"]
[Black "Samadov, Samir"]
[Result "0-1"]
[WhiteElo "1834"]
[BlackElo "1530"]
[PlyCount "84"]
[EventDate "2013.09.28"]
[EventType "swiss"]
[EventRounds "5"]
[EventCountry "ENG"]
[SourceTitle "EXT 2015"]
[Source "ChessBase"]
[SourceDate "2014.11.20"]
[SourceVersion "1"]
[SourceVersionDate "2014.11.20"]
[SourceQuality "1"]

1. e4 e6 2. Nf3 Nf6 3. e5 Nd5 4. d4 d6 5. c4 Nb6 6. exd6 cxd6 7. Nc3 Qc7 8. Qd3 Nc6 9. b3 a6 10. Bb2 Bd7 11. Rd1 0-0-0 12. Ng5 Be8 13. Qf3 Qe7 14. Nge4 d5 15. Ng3 dxc4 16. Nge2 cxb3 17. axb3 Qb4 18. Qe4 Qxb3 19. Ba1 Nd5 20. Rb1 Nxc3 21. Nxc3 Qa3 22. Bb2 Qa5 23. Ra1 Qb6 24. Na4 Bb4+ 25. Kd1 Qa7 26. Rc1 Kb8 27. Qf4+ e5 28. Qg4 Nxd4 29. Bd3 Bxa4+ 30. Bc2 Bxc2+ 31. Rxc2 Nxc2+ 32. Kxc2 Qc5+ 33. Kb1 Rc8 34. Qe4 Ka8 35. Rc1 Qb6 36. Rd1 Bc3 37. Qe2 Qxb2+ 38. Qxb2 Bxb2 39. Kxb2 Rcd8 40. Re1 Rd2+ 41. Kb3 Rxf2 42. Rxe5 Rxg2 0-1

[Event "Hampstead op U2200 07"]
[Site "Hampstead"]
[Date "2013.07.21"]
[Round "4"]
[White "Sharkey, Brian"]
[Black "Samadov, Samir"]
[Result "0-1"]
[WhiteElo "1810"]
[BlackElo "1490"]
[PlyCount "76"]
[EventDate "2013.07.20"]
[EventType "swiss"]
[EventRounds "5"]
[EventCountry "ENG"]
[SourceTitle "EXT 2023"]
[Source "ChessBase"]
[SourceDate "2022.10.05"]
[SourceVersion "1"]
[SourceVersionDate "2022.10.05"]
[SourceQuality "1"]

1. d4 d5 2. c4 c6 3. Nf3 Nf6 4. Nc3 dxc4 5. a4 Bf5 6. e3 e6 7. Bxc4 h6 8. Qb3 Qc7 9. Nd2 Nbd7 10. e4 Bh7 11. e5 Ng8 12. f4 a6 13. Nde4 Qb6 14. Be3 Qxb3 15. Bxb3 Nb6 16. 0-0 Nd5 17. Nxd5 cxd5 18. Nc3 Bb4 19. a5 f6 20. Bd2 Ne7 21. Ba4+ Kf7 22. Bd1 Nc6 23. Ra4 Bxa5 24. Bg4 b5 25. Rxa5 Nxa5 26. Nxd5 Nc4 27. Bxe6+ Kxe6 28. Nc7+ Kd7 29. Nxa8 Nxd2 30. e6+ Ke7 31. Rd1 Rxa8 32. Rxd2 Kxe6 33. Kf2 Kd5 34. Ke1 Re8+ 35. Kd1 Re4 36. g3 Rxd4 37. Rxd4+ Kxd4 38. Kd2 Bd3 0-1

[Event "Hampstead op U2200 05"]
[Site "Hampstead"]
[Date "2013.05.19"]
[Round "5"]
[White "Pride, Stephen C"]
[Black "Samadov, Samir"]
[Result "1-0"]
[WhiteElo "1828"]
[BlackElo "1490"]
[PlyCount "133"]
[EventDate "2013.05.18"]
[EventType "swiss"]
[EventRounds "5"]
[EventCountry "ENG"]
[SourceTitle "EXT 2014"]
[Source "ChessBase"]
[SourceDate "2013.11.20"]
[SourceVersion "1"]
[SourceVersionDate "2013.11.20"]
[SourceQuality "1"]

1. e4 e5 2. Qh5 Qf6 3. Bc4 Nc6 4. c3 a6 5. d3 Bc5 6. Be3 Bxe3 7. fxe3 d6 8. Nd2 Nge7 9. 0-0-0 0-0 10. Rf1 Qg6 11. Qxg6 Nxg6 12. d4 Bd7 13. Ngf3 Na5 14. Bd3 exd4 15. cxd4 Nc6 16. Bc4 Kh8 17. Ng5 h6 18. Nxf7+ Kh7 19. h4 Nge7 20. h5 Na5 21. Bd3 Kg8 22. Nxh6+ gxh6 23. d5 b6 24. Rxf8+ Kxf8 25. Rf1+ Kg7 26. Rf3 Bb5 27. Kc2 Bxd3+ 28. Kxd3 Rf8 29. Rg3+ Kh7 30. Nf3 Nb7 31. b4 a5 32. a3 axb4 33. axb4 Rg8 34. Rxg8 Nxg8 35. Nd4 Nf6 36. Ne6 Nxh5 37. Nxc7 Nf6 38. Kd4 Nd7 39. Ne6 Kg6 40. Kc4 Ne5+ 41. Kd4 Kh5 42. Ng7+ Kg4 43. Nf5 h5 44. Nxd6 Nxd6 45. Kxe5 Ne8 46. d6 Nxd6 47. Kxd6 Kg3 48. e5 Kxg2 49. e6 h4 50. e7 h3 51. e8Q h2 52. Qg6+ Kf2 53. Qc2+ Kg3 54. Qxh2+ Kxh2 55. e4 Kg3 56. e5 Kf4 57. e6 Ke4 58. e7 Kd4 59. e8Q Kc4 60. b5 Kb4 61. Qc6 Ka5 62. Kc7 Kb4 63. Kxb6 Kb3 64. Ka5 Kb2 65. Kb4 Ka1 66. Kb3 Kb1 67. Qh1# 1-0

[Event "Hampstead op U2200 04"]
[Site "Hampstead"]
[Date "2013.04.21"]
[Round "4"]
[White "Hung, Jake"]
[Black "Samadov, Samir"]
[Result "0-1"]
[WhiteElo "1675"]
[BlackElo "1594"]
[PlyCount "120"]
[EventDate "2013.04.20"]
[EventType "swiss"]
[EventRounds "5"]
[EventCountry "ENG"]
[SourceTitle "EXT 2014"]
[Source "ChessBase"]
[SourceDate "2013.11.20"]
[SourceVersion "1"]
[SourceVersionDate "2013.11.20"]
[SourceQuality "1"]

1. c4 e5 2. g3 Nc6 3. Bg2 Bc5 4. Nc3 a6 5. e3 d6 6. a3 Nf6 7. Nge2 Be6 8. d4 exd4 9. exd4 Bb6 10. d5 Ng4 11. 0-0 Nxf2 12. Rxf2 Qf6 13. Ne4 Bxf2+ 14. Nxf2 Ne5 15. dxe6 fxe6 16. Ne4 Qe7 17. b3 h6 18. Nf4 g5 19. Nd3 0-0-0 20. Nxe5 dxe5 21. Qe2 Rhf8 22. Be3 c6 23. Bc5 Qd7 24. Bxf8 Qd4+ 25. Nf2 Qxa1+ 26. Bf1 Rxf8 27. Kg2 Qd4 28. Ng4 e4 29. Nxh6 Rf3 30. Qc2 Qe3 31. Ng4 Qxb3 32. Qxe4 Rc3 33. Qxe6+ Kb8 34. Qd6+ Ka7 35. Qd4+ Kb8 36. Qd8+ Ka7 37. Qd4+ c5 38. Qxc5+ Qb6 39. Qxb6+ Kxb6 40. Nf6 Rxa3 41. Kf2 Kc6 42. Ne4 Ra2+ 43. Be2 a5 44. Ke3 a4 45. Nc3 Ra1 46. Kd3 Kc5 47. Bd1 Kb4 48. Nd5+ Kc5 49. Nc3 Kb4 50. Kd4 a3 51. Nd5+ Ka5 52. Bb3 a2 53. Bxa2 Rxa2 54. h4 gxh4 55. gxh4 Rh2 56. Kc5 Rxh4 57. Nc7 b6+ 58. Kd5 Rh1 59. c5 Rh5+ 60. Kd6 Rxc5 0-1

[Event "Hampstead op U2200 04"]
[Site "Hampstead"]
[Date "2013.04.21"]
[Round "5"]
[White "Samadov, Samir"]
[Black "Sanitt, Leo"]
[Result "1-0"]
[WhiteElo "1594"]
[BlackElo "1530"]
[PlyCount "49"]
[EventDate "2013.04.20"]
[EventType "swiss"]
[EventRounds "5"]
[EventCountry "ENG"]
[SourceTitle "EXT 2014"]
[Source "ChessBase"]
[SourceDate "2013.11.20"]
[SourceVersion "1"]
[SourceVersionDate "2013.11.20"]
[SourceQuality "1"]

1. e4 e6 2. d4 d5 3. e5 c5 4. c3 Nc6 5. Nf3 Qb6 6. Bd3 Bd7 7. Bc2 Be7 8. 0-0 Rc8 9. h3 cxd4 10. cxd4 Nb4 11. Bb3 Bb5 12. Re1 Nd3 13. Nc3 Nxe1 14. Nxe1 Bb4 15. Nxb5 Qxb5 16. Ba4 Bxe1 17. Bxb5+ Kd8 18. Qxe1 Ne7 19. Bg5 Rc7 20. Rc1 h6 21. Rxc7 Kxc7 22. Bxe7 Rc8 23. Qc3+ Kb8 24. Bd6+ Ka8 25. Qxc8# 1-0

[Event "Hampstead op U2200 04"]
[Site "Hampstead"]
[Date "2013.04.20"]
[Round "1"]
[White "Jones, Steven"]
[Black "Samadov, Samir"]
[Result "1-0"]
[WhiteElo "2025"]
[BlackElo "1594"]
[PlyCount "63"]
[EventDate "2013.04.20"]
[EventType "swiss"]
[EventRounds "5"]
[EventCountry "ENG"]
[SourceTitle "EXT 2014"]
[Source "ChessBase"]
[SourceDate "2013.11.20"]
[SourceVersion "1"]
[SourceVersionDate "2013.11.20"]
[SourceQuality "1"]

1. e4 g6 2. d4 Bg7 3. Nc3 b6 4. Be3 Bb7 5. Qd2 Nf6 6. f3 e6 7. h4 d5 8. e5 Nfd7 9. h5 c5 10. Nb5 Bf8 11. hxg6 fxg6 12. c3 Nc6 13. Bd3 cxd4 14. cxd4 Ba6 15. a3 Bxb5 16. Bxb5 Na5 17. Ne2 Nb3 18. Qd1 Nxa1 19. Nf4 Bg7 20. Nxe6 Qc8 21. Qxa1 Bf8 22. Qa2 a6 23. Bd3 Nxe5 24. Qxd5 Nxd3+ 25. Kd2 Nxb2 26. Rc1 Bxa3 27. Nc7+ Ke7 28. Bg5+ Kf8 29. Bh6+ Ke7 30. Re1+ Kf6 31. Qe5+ Kf7 32. Qg7# 1-0